| 000 | 00713nam a2200253 a 4500 | ||
|---|---|---|---|
| 999 |
_c1744 _d1744 |
||
| 001 | 18730 | ||
| 003 | BD-DhUAP | ||
| 005 | 20200216111844.0 | ||
| 008 | 200216s2012 bg l 000 0 eng d | ||
| 020 | _a98484660131 | ||
| 040 |
_aDLC _cDLC _dBD-DhUAP _bEng |
||
| 082 | 0 | 0 |
_a347.5492051 MIA _223 |
| 100 | _aMiah, Siddiqur Rahman. | ||
| 245 | 1 | 0 |
_aCommentary on civil rules and orders / _cSiddiqur Rahman Miah. |
| 250 | _aLatest ed. | ||
| 260 |
_aDhaka : _bNew Warsi Book Corp., _cc2012. |
||
| 300 |
_avolumes ; _c26 cm. |
||
| 505 | _aV. 2 -- | ||
| 650 | 0 |
_aCourt rules _zBangladesh. |
|
| 650 | 0 |
_aCivil procedure _zBangladesh. |
|
| 942 |
_2ddc _cBK |
||